000 00731cam a2200205 4500
001 ABS62933
008 000000n2000 000 0 eng u
035 _a(Sirsi) u108369
245 _aOpen market valuations: the profits-based method
260 _c2000
490 _aProperty Week
_v65(34) 1 September 2000, 96-97(2)
520 _aDiscusses when the profits or accounts method should be used to obtain an open market value (OMV) for a property. Provides a checklist and an example valuation.
590 _aABS
650 _aOPEN MARKET VALUE
650 _aOMV
650 _aVALUATION METHODS
650 _aRECEIPTS AND EXPENDITURE VALUATION METHOD
690 _aPROPERTY-PROPERTY APPRAISAL AND VALUATION
942 _n0
999 _c64702
_d64702